000 00626nam a2200241Ia 4500
003 OSt
005 20230502104824.0
008 210423s2001 xx 000 0 und d
020 _a874763379
040 _cAL
041 _aeng
082 _a575.10724 SAMM
100 _aSAMBROOK (Joseph);RUSSELL (David W)
_995783
245 _aMolecular cloning: a laboratory manual Vol 3 Ed 3
250 _a3
260 _aNew York
_bCambridge University Press
_c2001
300 _axxvii,7.94,I.44
_bPB
365 _b4995
_cINR
440 _v3
650 _aGenetics
_995784
906 _acloning. ; Molecular
942 _2ddc
_cBK
999 _c162916
_d162916